00679nam a2200181 a 45000010005000000030005000050050017000100080041000270400020000681000027000882450157001152600071002723000012003434900071003556500030004266500020004566500021004763605CDMR20131105125338.0130130s1970||||||||||||||||||||||||||||d aCDMRbcatcCDMR1 aChilcote, Ronald Harry14aHispanic American Reportb: the press in Latin America, Spain, and Portugal : a summary of recent developmentscRonald H. Chilcote, Standford University aStandfordc1970bThe California Institute of International Studies a[48] p.0 aSpecial Monographs (California Institute of International Studies)04aPremsazAmèrica Llatina04aPremsazEspanya04aPremsazPortugal